Los derechos humanos y la tragedia del autoritarismo: miradas desde el cine iberoamericano

Furkejuvvon:
Bibliográfalaš dieđut
Váldodahkkit: Chávez Huanca, Eddy (Dahkki), Narváez Hernández, José Ramón (Dahkki)
Materiálatiipa: Girji
Giella:espánnjágiella
Almmustuhtton: Lima Grijley 2016
Preanttus:1a. ed
Ráidu:Cine y Derecho, 3
Fáttát:
Fáddágilkorat: Lasit fáddágilkoriid
Eai fáddágilkorat, Lasit vuosttaš fáddágilkora!

MARC

LEADER 00000cam a2200000 a 4500
001 UCC8966
003 CL-VaPUC
008 190830e20160000pe |||||||||||||||||spa|d
020 |a 9789972045158 
082 0 4 |a 323.4  |b CHA  |2 21 
100 0 |a Chávez Huanca, Eddy  |e author  |9 603681 
700 0 |a Narváez Hernández, José Ramón  |e author  |9 603682 
245 1 4 |a Los derechos humanos y la tragedia del autoritarismo: miradas desde el cine iberoamericano 
250 |a 1a. ed 
300 |a 547 p 
942 |c BK 
945 |d 20190830 10:52:00  |a dcastane 
260 |a Lima  |b Grijley  |c 2016 
650 0 |a Derechos humanos  |9 223025 
650 0 |a Autoritarismo  |9 295297 
650 0 |a Memoria colectiva  |9 548864 
650 0 |a Cine  |9 225706 
583 |a last modification  |c 20190830 10:52:00  |k Rodrigo Vera 
490 0 |a Cine y Derecho, 3 
999 |c 375161  |d 375159 
952 |0 0  |1 0  |3 erb  |4 0  |6 323_400000000000000_CHA_2016  |7 0  |8 WP_COW  |9 561105  |a BIBDER  |b BIBDER  |e Fundación W and P Cowley  |i 5597129  |o 323.4 CHA 2016  |p 5597129  |r 2023-01-25  |w 2020-03-12  |y BK  |z Catalogado en:20190830  |k WPC